The nurse and the mental patient ; a study in interpersonal relations /

Đã lưu trong:
Sonraí Bibleagrafaíochta
Príomhúdar: Schwartz, Morris S.
Údair Eile: Shockley, Emmy Lanning.
Formáid: Sách giấy
Teanga:English
Foilsithe: New York : Russell Sage Foundation, 1956.
Clibeanna: Cuir Clib Leis
Gan Chlibeanna, Bí ar an gcéad duine leis an taifead seo a chlibeáil!
Thư viện lưu trữ: Thư viện Trường Đại học Đà Lạt
LEADER 00776nam a2200277 4500
001 DLU100113041
005 ##2010119
040 # # |a DLU  |b vie 
041 # # |a eng 
044 # # |a us 
082 # # |a 610.736 8  |b SC-M 
100 # # |a Schwartz, Morris S. 
245 # # |a The nurse and the mental patient ;  |b a study in interpersonal relations /  |c Morris S. Schwartz, Emmy Lanning Shockley; with the assistance of Charlotte Green Schwartz. 
260 # # |a New York :  |b Russell Sage Foundation,  |c 1956. 
300 # # |a 289 p. ;  |c 24 cm. 
700 # # |a Shockley, Emmy Lanning. 
923 # # |a 100/2010 
992 # # |a 0 
994 # # |a DLU 
900 # # |a True 
911 # # |a Lý Thị Hồng Hạnh 
925 # # |a G 
926 # # |a A 
927 # # |a SH 
980 # # |a Thư viện Trường Đại học Đà Lạt